000 00973cam a22003014a 4500
001 14389674
003 GBCCL
005 20241126110428.0
008 060525r20061968nyu 000 0 eng
010 _a 2006618055
020 _a0517124300
040 _aDLC
_cDLC
_dDLC
042 _apcc
050 0 0 _aBV3785.G69
_bA3 2006
082 0 0 _a252.3
_222
_bGRA
100 1 _aGraham, Billy,
_d1918-
_9449
245 1 4 _aThe faith of Billy Graham /
_ccompiled and edited by Trudy S. Settel ; introduction by Cort R. Flint.
246 3 0 _aBilly Graham
260 _aNew York :
_bTestament Books,
_c1970.
300 _a159 p. ;
_c24 cm.
500 _aOriginally published: Anderson, S.C. : Droke House, 1968.
600 1 0 _aGraham, Billy,
_d1918-
_9449
630 0 0 _aBible
_xHomiletical use.
_91148
700 1 _aSettel, Trudy S.
_94965
906 _a7
_bcbc
_corignew
_d2
_encip
_f20
_gy-gencatlg
942 _2ddc
_cBK
_01
999 _c2398
_d2398